000 00277nam a2200109Ia 4500
008 200302s9999 xx 000 0 und d
100 _aPatrick Taylor (Edi)
245 _aThe Oxford Companion To The Garden
260 _bOxford University Press
260 _c2006
300 _a554 P
999 _c4929
_d4929